Dopady hospodárskej krízy na fiškálnu politiku SR bakalárska práca

Gespeichert in:
Bibliographische Detailangaben
1. Verfasser: Gažová, Zuzana
Körperschaft: Národohospodárska fakulta EU. Katedra hospodárskej politiky
Weitere Verfasser: Štikarová, Soňa
Format: Buch
Sprache:Slowakisch
Veröffentlicht: Bratislava 2015
Tags: Tag hinzufügen
Keine Tags, Fügen Sie das erste Tag hinzu!

MARC

LEADER 00000nbm a2200000 4500
001 0205098
005 20161212095027.8
041 0 |a slo 
044 |a SK 
245 1 0 |a Dopady hospodárskej krízy na fiškálnu politiku SR  |b bakalárska práca  |c Zuzana Gažová ; školiteľ: Soňa Štikarová 
264 1 |a Bratislava  |c 2015 
300 |a 50 s. 
100 1 |a Gažová, Zuzana 
700 1 |a Štikarová, Soňa 
710 2 |a Národohospodárska fakulta EU. Katedra hospodárskej politiky